Geography Quiz

Random Geography or World Quiz

Geography Vowel Grab Bag Quiz Stats

 Plays Quiz Updated Apr 7, 2015

Also try: One-Syllable Blitz
Challenge
Share
Tweet
Embed
Score 0/30 Timer 05:00
4 Plays Today
Category Answer % Correct
OceanAtlantic
98.4%
Asian countryOman
95.6%
US stateIowa
95.6%
European countryUkraine
94.6%
African countryUganda
91.2%
North American countryUnited States
88.8%
North American great lakeErie
87.1%
Oceanic countryAustralia
86.1%
Official languageEnglish
86%
South American countryUruguay
85.3%
European capitalAndorra la Vella
84.9%
Canadian provinceAlberta
81.6%
Summer Olympic cityAntwerp
78.2%
US state capitalAustin
76.4%
North American capitalOttawa
75.1%
Category Answer % Correct
World currencyEuro
75%
Top 20 longest riverAmazon
65.8%
Winter Olympic cityInnsbruck
63.3%
Top 20 largest islandEllesmere
57.2%
Seven summitsEverest
56.7%
Asian capitalUlaanbaatar
54.9%
African capitalAccra
53.2%
English countyOxfordshire
48%
African great lakeEdward
46.5%
South American capitalAsuncion
38.8%
Top 20 most populous islandIreland
35.4%
Australian state capitalAdelaide
34.8%
Canadian provincial capitalEdmonton
32.8%
US national parkEverglades
29.9%
Oceanic capitalApia
25.8%

You're not logged in!

Compare scores with friends on all Sporcle quizzes.
Join for Free
OR
Log In

You Might Also Like...

Show Comments

Extras

Top Quizzes Today


Score Distribution

Your Account Isn't Verified!

In order to create a playlist on Sporcle, you need to verify the email address you used during registration. Go to your Sporcle Settings to finish the process.

Report this User

Report this user for behavior that violates our Community Guidelines.

Details: